| 000 -LEADER |
| fixed length control field |
00748nam a22002417a 4500 |
| 001 - CONTROL NUMBER |
| control field |
22817 |
| 003 - CONTROL NUMBER IDENTIFIER |
| control field |
BD-DhUAP |
| 005 - DATE AND TIME OF LATEST TRANSACTION |
| control field |
20250730200515.0 |
| 008 - FIXED-LENGTH DATA ELEMENTS--GENERAL INFORMATION |
| fixed length control field |
250730b20202025 a|||| |||| 001 0 eng d |
| 020 ## - INTERNATIONAL STANDARD BOOK NUMBER |
| International Standard Book Number |
9789389552430 |
| 040 ## - CATALOGING SOURCE |
| Original cataloging agency |
BD-DhUAP |
| Language of cataloging |
eng |
| Transcribing agency |
BD-DhUAP |
| Modifying agency |
BD-DhUAP |
| 082 ## - DEWEY DECIMAL CLASSIFICATION NUMBER |
| Edition number |
23 |
| Classification number |
658.8342 SOL |
| 100 ## - MAIN ENTRY--PERSONAL NAME |
| Personal name |
Solomon, Michael R. |
| 245 ## - TITLE STATEMENT |
| Title |
Consumer behavior : |
| Remainder of title |
Buying, Having, and Being / |
| Statement of responsibility, etc. |
Michael R.Solomon & Tapan Kumar Panda . |
| 250 ## - EDITION STATEMENT |
| Edition statement |
13th ed. |
| 260 ## - PUBLICATION, DISTRIBUTION, ETC. |
| Place of publication, distribution, etc. |
India : |
| Name of publisher, distributor, etc. |
Pearson, |
| Date of publication, distribution, etc. |
2025. |
| 300 ## - PHYSICAL DESCRIPTION |
| Extent |
xix,716 pages : |
| Other physical details |
illustrations ; |
| Dimensions |
26 cm. |
| 504 ## - BIBLIOGRAPHY, ETC. NOTE |
| Bibliography, etc. note |
Includes bibliographical references and index. |
| 650 ## - SUBJECT ADDED ENTRY--TOPICAL TERM |
| Topical term or geographic name entry element |
Consumer behavior. |
| 700 ## - ADDED ENTRY--PERSONAL NAME |
| Personal name |
Solomon, Michael R. |
| 700 ## - ADDED ENTRY--PERSONAL NAME |
| Personal name |
Panda , Tapan Kumar. |
| 942 ## - ADDED ENTRY ELEMENTS (KOHA) |
| Source of classification or shelving scheme |
|
| Koha item type |
Book |